00506nam a2200181Ia 4500008004100000020001800041082001600059100002500075245001400100250000600114260003400120300001600154500002400170650001000194942000700204952009600211999001700307230524s9999 xx 000 0 und d a9788122418255 a551.48bRAG aH.M.Raghunath941495 0aHydrology a2 aNew DelhibNew Age Int.c2013 a"xii,457p;" aQuantity Number: 1 aCivil cBK 00104070aTATCLbTATCLcGENd2023-05-24l0o551.48 RAGp52980r2023-05-24w2023-05-24yBK c55763d55763